<?xml version="1.0" encoding="UTF-8"?>
<collection xmlns="http://www.loc.gov/MARC21/slim">
 <record>
  <leader>00364pamaa2200133   4500</leader>
  <controlfield tag="001">0000004156</controlfield>
  <controlfield tag="005">20061124090000.0</controlfield>
  <datafield tag="020" ind1="0" ind2="0">
   <subfield code="a">0192832670 </subfield>
  </datafield>
  <datafield tag="090" ind1="0" ind2="0">
   <subfield code="a">PR1309.S7 </subfield>
   <subfield code="b">OXF 1997</subfield>
  </datafield>
  <datafield tag="245" ind1="0" ind2="4">
   <subfield code="a">The OXFORD book of spy stories  </subfield>
   <subfield code="c">edited by Michael Cox.</subfield>
  </datafield>
  <datafield tag="260" ind1="0" ind2="0">
   <subfield code="a">Oxford: </subfield>
   <subfield code="b">O.U.P., </subfield>
   <subfield code="c">1997.</subfield>
  </datafield>
  <datafield tag="300" ind1=" " ind2=" ">
   <subfield code="a">xix, 353p.: </subfield>
   <subfield code="b">20cm.</subfield>
  </datafield>
  <datafield tag="650" ind1="0" ind2="0">
   <subfield code="a">Spy stories, English </subfield>
  </datafield>
  <datafield tag="700" ind1="1" ind2="1">
   <subfield code="a">Cox, </subfield>
   <subfield code="h">Michael </subfield>
  </datafield>
 </record>
</collection>
